000 00792nam a22002177a 4500
999 _c175273
_d175273
005 20200819161957.0
010 _aENG-128363
020 _c889.00
_a9789353947637
035 _aEN-111895
037 _bDBAD/PUB
082 _a621.815
100 _aL. Mott, Robert
245 _aMachine Elements in Mechanical Design:
_cby Robert L. Mott
_bFourth Edition in SI units/
260 _aNoida
_bPearson
_c2020
270 _a15th floor,Tower-B,Word Trade Tower,Plot no.1,Block-C sec 16,
_bNoida
_e201301
_k04466540100
_mcompanysecretary.india@pearson.com
300 _a872+56p.
_c25cm(pbk)
_bIllustration, Tables
500 _aDesigning Machine elements in context of mechanical design
650 _aMechanical design
700 _aJohn Tang
942 _2ddc
_cEN
_h621.815
_mMOT